Austrian Export Directory. 1990/91. Der Austrian Export Herold

Enregistré dans:
Détails bibliographiques
Format: Livre
Langue:allemand
Publié: Wien : Herold, 1991
Tags: Ajouter un tag
Pas de tags, Soyez le premier à ajouter un tag!

MARC

LEADER 00000nam a22000003a 4500
001 stu30930
005 20150408181051.5
008 930126s1991----gw------------------ger-d
020 |a 3-85110-040-9 
040 |a STU  |b slo 
041 0 |a ger 
044 |a gw 
080 |a 058 
245 |a Austrian Export Directory. 1990/91. Der Austrian Export Herold 
260 |a Wien :  |b Herold,  |c 1991 
300 |a 450 s 
996 |b J87484  |c J*87484  |l JJST  |s P  |a 0  |w stu30930_0001